Marriage, procreation and divorce (Record no. 760793)

MARC details
000 -LEADER
fixed length control field 00705nam a2200253Ia 4500
003 - CONTROL NUMBER IDENTIFIER
control field OSt
005 - DATE AND TIME OF LATEST TRANSACTION
control field 20220928115742.0
008 - FIXED-LENGTH DATA ELEMENTS--GENERAL INFORMATION
fixed length control field 220927b |||||||| |||| 00| 0 eng d
037 ## - SOURCE OF ACQUISITION
Terms of availability Textual
040 ## - CATALOGING SOURCE
Original cataloging agency SDCL
Transcribing agency SDCL
Language of cataloging eng
041 ## - LANGUAGE CODE
Source of code eng
Language code of text/sound track or separate title eng
100 ## - MAIN ENTRY--PERSONAL NAME
Personal name Kerber K L
9 (RLIN) 445930
245 #0 - TITLE STATEMENT
Title Marriage, procreation and divorce
260 ## - PUBLICATION, DISTRIBUTION, ETC.
Place of publication, distribution, etc. New Delhi
Name of publisher, distributor, etc. Global Vision Publishing House
Date of publication, distribution, etc. 2005
300 ## - PHYSICAL DESCRIPTION
Extent xi,362p
Dimensions cm.
490 ## - SERIES STATEMENT
Series statement Psychology of sex and sex education. 5
650 ## - SUBJECT ADDED ENTRY--TOPICAL TERM
Topical term or geographic name entry element Family-Social Psychology
9 (RLIN) 411973
942 ## - ADDED ENTRY ELEMENTS (KOHA)
Classification part S821, P5
Koha item type Textual
Source of classification or shelving scheme Colon Classification (CC)
Holdings
Withdrawn status Lost status Damaged status Not for loan Home library Current library Date acquired Total Checkouts Full call number Barcode Date last seen Price effective from Koha item type
        South Campus Library South Campus Library 2022-09-28   S821 P5 SC1246752 2022-09-28 2022-09-28 Textual
Copyright @ Delhi University Library System